LEADER 01048nam a2200253 i 4500 001 991003170379707536 005 20020503184348.0 008 951108s1976 it ||| | ita 035 $ab10467919-39ule_inst 035 $aEXGIL116335$9ExL 040 $aDip.to Filol. Ling. e Lett.$bita 100 1 $aZapponi, Niccolò$0414255 245 12$aL'Italia di Ezra Pound /$cNiccolò Zapponi 260 $a[Roma] :$bM. Bulzoni,$cc1976 300 $a226 p. ;$c21 cm. 490 0 $aStudi e ricerche / Università di Roma La Sapienza, Facoltà di lettere e filosofia, Dipartimento di anglistica ;$v3 650 4$aPound, Ezra 907 $a.b10467919$b21-02-17$c27-06-02 912 $a991003170379707536 945 $aLE008 FL.M. (IN) O 122$g1$i2008000177812$lle008$o-$pE0.00$q-$rl$s- $t0$u0$v0$w0$x0$y.i10541032$z27-06-02 945 $aLE008 CR D X 39$g1$i2008000206819$lle008$o-$pE0.00$q-$rl$s- $t0$u0$v0$w0$x0$y.i14494012$z26-06-07 996 $aItalia di Ezra Pound$9179580 997 $aUNISALENTO 998 $ale008$b01-01-95$cm$da $e-$fita$git $h2$i1